Местная анестезия у стоматологических пациентов с сопутствующей патологией (Запись № 1429350)

Подробности
000 -МАРКЕР
контрольное поле 02384nam0a2200361 4500
001 - ИДЕНТИФИКАТОР ЗАПИСИ
контрольное поле RU\NLR\bibl\551594
005 - ИДЕНТИФИКАТОР ВЕРСИИ
контрольное поле 20260406083311.0
010 ## - МЕЖДУНАРОДНЫЙ СТАНДАРТНЫЙ НОМЕР КНИГИ (ISBN)
Номер (ISBN) 5-89896-235-2
Тираж 5000
021 ## - НОМЕР ГОСУДАРСТВЕННОЙ РЕГИСТРАЦИИ
Код страны российская федерация
Номер 2004-46129
Номер Листа государственной регистраци 2285
035 ## - ДРУГИЕ СИСТЕМНЫЕ НОМЕРА
Идентификатор записи (NLR Aleph) 000543770
100 ## - ДАННЫЕ ОБЩЕЙ ОБРАБОТКИ
Данные общей обработки 20040913d2004 |||y0rusy50 ca
101 0# - ЯЗЫК РЕСУРСА
Язык текста, звукозаписи и т.д. русский
102 ## - СТРАНА ПУБЛИКАЦИИ ИЛИ ПРОИЗВОДСТВА
Страна публикации российская федерация
105 ## - ПОЛЕ КОДИРОВАННЫХ ДАННЫХ: ТЕКСТОВЫЕ МАТЕРИАЛЫ, МОНОГРАФИЧЕСКИЕ
Кодированные данные о монографическом текстовом документе a |||||||||
200 1# - ЗАГЛАВИЕ И СВЕДЕНИЯ ОБ ОТВЕТСТВЕННОСТИ
Основное заглавие Местная анестезия у стоматологических пациентов с сопутствующей патологией
Сведения, относящиеся к заглавию Учеб. пособие для студентов мед. вузов и слушателей системы послевуз. подгот. специалистов
Первые сведения об ответственности В.Р. Вебер, Б.Т. Мороз
Последующие сведения об ответственности Гос. образоват. учреждение Новгор. гос. ун-т им. Ярослава Мудрого, Гос. образоват. учреждение доп. проф. образования С.-Петерб. мед. акад. последиплом. образования МЗ РФ и др.
210 ## - ПУБЛИКАЦИЯ, РАСПРОСТРАНЕНИЕ И ДР.
Место издания, распространения и т.д. СПб.
Имя издателя, распространителя и т. д. Человек
Дата издания, распространения и т.д. 2004
215 ## - ФИЗИЧЕСКАЯ ХАРАКТЕРИСТИКА
Специфическое обозначение материала и объем 80 с.
Другие сведения о физической характеристике ил., портр.
Размеры 21
300 ## - ОБЩИЕ ПРИМЕЧАНИЯ
Текст примечания На обороте тит. л. авт.: Вебер В.Р., Мороз Б.Т. - доктора мед. наук, проф.
300 ## - ОБЩИЕ ПРИМЕЧАНИЯ
Текст примечания В надзаг. также: Новгор. науч. центр СЗО РАМН
320 ## - ПРИМЕЧАНИЯ О НАЛИЧИИ В ДОКУМЕНТЕ БИБЛИОГРАФИИ / УКАЗАТЕЛЯ
Текст примечания Библиогр.: с. 72 (14 назв.)
606 0# - НАИМЕНОВАНИЕ ТЕМЫ КАК ПРЕДМЕТ
Наименование темы Местное обезболивание в стоматологии при сопутствующих болезнях
Формальный подзаголовок Руководства, пособия и т.п.
Системный номер авторитетной/нормативной записи 2350544
Идентификатор авторитетной/нормативной записи RU\NLR\auth\661404326
606 0# - НАИМЕНОВАНИЕ ТЕМЫ КАК ПРЕДМЕТ
Наименование темы Местная анестезия
Формальный подзаголовок Учебные издания
Тематический подзаголовок Применение в стоматологии при сопутствующих болезнях
Системный номер авторитетной/нормативной записи 2350539
Идентификатор авторитетной/нормативной записи RU\NLR\auth\661404323
686 ## - ИНДЕКСЫ ДРУГИХ КЛАССИФИКАЦИЙ
Индекс Р665-1я7
700 #1 - ИМЯ ЛИЦА - ПЕРВИЧНАЯ ОТВЕТСТВЕННОСТЬ
Код отношения Автор
Графика поля Кириллица
Материалы, к которым относится поле rus
Начальный элемент ввода Вебер
Часть имени, кроме начального элемента ввода В. Р.
Дополнения к именам, кроме дат д-р мед. наук
Даты 1954-
Расширение инициалов личного имени Виктор Робертович
Системный номер авторитетной/нормативной записи 253750
Идентификатор авторитетной/нормативной записи RU\NLR\AUTH\770253806
701 #1 - ИМЯ ЛИЦА - АЛЬТЕРНАТИВНАЯ ОТВЕТСТВЕННОСТЬ
Код отношения Автор
Графика поля Кириллица
Материалы, к которым относится поле rus
Начальный элемент ввода Мороз
Часть имени, кроме начального элемента ввода Б. Т.
Дополнения к именам, кроме дат д-р мед. наук
Даты 1945-2016
Расширение инициалов личного имени Борис Терентьевич
Идентификатор авторитетной/нормативной записи RU\NLR\AUTH\770278051
Системный номер авторитетной/нормативной записи 2650018
801 #0 - ИСТОЧНИК ЗАПИСИ
Страна российская федерация
Организация NLR
Дата составления 20040913
Правила каталогизации PSBO
801 #1 - ИСТОЧНИК ЗАПИСИ
Страна российская федерация
Организация NLR
Дата составления 20040913
830 ## - ОБЩЕЕ ПРИМЕЧАНИЕ, СОСТАВЛЕННОЕ КАТАЛОГИЗАТОРОМ
Текст примечания Авт. по кн.
942 ## - ДОПОЛНИТЕЛЬНЫЕ ЭЛЕМЕНТЫ ЗАПИСИ (АБИС)
Тип экземпляра АБИС Книга
980 ## - КОЛЛЕКЦИЯ
Название коллекции Национальная библиография
Экземпляры
Тип экземпляра Дата поступления Источник поступления Библиотека постоянного хранения Библиотека текущего хранения Место хранения Шифр хранения Штрих-код Статус не для выдачи
Книга 13.09.2004 Обязательный экземпляр РНБ (Московский) РНБ (Московский) Русский книжный фонд: издания с 1957 года, 3этаж 2004-4/17763 1-2299218  
Книга 13.09.2004 Обязательный экземпляр РНБ (Московский) РНБ (Московский) Русский книжный фонд: издания с 1957 года, 3этаж 2004-4/17763 749187  
Книга 03.05.2006 Контрольный экземпляр из типографии РНБ (Садовая) РНБ (Садовая) Фонд научного зала литературы по биологии и медицине М2 Р665/В-260 1-253639